000 00618nam a2200121Ia 4500
008 220620s9999||||xx |||||||||||||| ||und||
100 _aBrowning, Robert X.
245 0 _aAdvances in Research Using the C-SPAN Archives
546 _aEnglish[eng]
650 _aInformation Science||Bill Clinton||Conservatism||C-SPAN||C-SPAN Video Library||Great Lakes||Republican Party (United States)
856 _uhttps://library.oapen.org/bitstream/20.500.12657/31635/1/626385.pdf||https://library.oapen.org/bitstream/20.500.12657/31635/1/626385.pdf||https://library.oapen.org/bitstream/20.500.12657/31635/1/626385.pdf
942 _cEB
999 _c24766
_d24766